| 000 | 02415nam0a22003611 4500 | ||
|---|---|---|---|
| 001 | rc\4496087 | ||
| 005 | 20250612101511.0 | ||
| 021 |
_aRU _b[63-89382] |
||
| 035 | _a(NLR Aleph) 008611396 | ||
| 090 |
_a8766061 _c8766061 |
||
| 100 | _a20130416d1963 |||y0rusy50 ca | ||
| 101 | 0 | _arus | |
| 102 | _aRU | ||
| 105 | _aac z |||a| | ||
| 200 | 1 |
_aСквозь дым и пламень _e[Фронтовые дневники, рассказы _fСост., примеч. и вступ. статья, с. 3-22, К. Яковлева |
|
| 210 |
_aЯрославль _cКн. изд-во _d1963] |
||
| 215 |
_a208 с., 1 л. портр. _cил. _d17 |
||
| 300 | _aНа тит. л. только подзаголовок | ||
| 300 | _aОписано по переплету | ||
| 327 | 1 |
_aСодерж.: Дневник войны; Рассказы: Скучный пост; Свадебный поезд; Лука Кузьмин; Из жизни князя Мещерского; Находка _aВ кн. также: Памяти товарища / А. Сурков. Рабкор, газетчик, писатель / Л. Кудреватых. Саша Кузнецов: (Стихи) / М. Лисянский |
|
| 464 | 0 |
_12001#$aПамяти товарища _1700#1$aСурков$bА. _tПамяти товарища _aСурков, А. |
|
| 464 | 0 |
_12001#$aСаша Кузнецов$e(Стихи) _1700#1$aЛисянский$bМ. _tСаша Кузнецов _aЛисянский, М. |
|
| 464 | 0 |
_12001#$aРабкор, газетчик, писатель _1700#1$aКудреватых$bЛ. _tРабкор, газетчик, писатель _aКудреватых, Л. |
|
| 464 | 0 |
_12001#$aДневник войны$aСкучный пост$eРассказ$aСвадебный поезд$eРассказ$aЛука Кузьмин$eРассказ$aИз жизни князя Мещерского$eРассказ$aНаходка$eРассказ _tНаходка |
|
| 606 |
_aВеликая Отечественная война 1941-1945 гг. (х. л.) _2psbo |
||
| 700 | 1 |
_7ca _8rus _aКузнецов _bА. А. _cписатель, журналист _f1903-1944 _gАлександр Александрович _9246315 _3RU\NLR\AUTH\770246371 |
|
| 702 | 1 |
_aЯковлев _bК. _4220 _4212 _4080 |
|
| 801 | 0 |
_aRU _bNLR _gpsbo |
|
| 801 | 1 |
_aRU _bELAR _2rusmarc |
|
| 852 |
_aNLR _j63-2/3679 |
||
| 942 | _cBOOK | ||
| 980 | _aNB | ||